Clubes con más finales de Champions League - Estadísticas

Estadísticas generales
  • Esta prueba ha sido intentada 517 veces
    494 desde el último reinicio
  • La puntuación promedio es 17 de 21
Estadísticas de respuestas
Finales disputadas Campeón Subcampeón Última vez Equipo % Correcto
8 5 3 2015 Barcelona
100%
15 12 3 2017 Real Madrid
100%
11 7 4 2007 AC Milan
99%
10 5 5 2013 Bayern Munich
98%
9 2 7 2017 Juventus
98%
5 3 2 2010 FC Internazionale
97%
7 5 2 2007 Liverpool
97%
3 0 3 2016 Atlético Madrid
96%
5 3 2 2011 Manchester United
96%
2 1 1 2012 Chelsea
93%
2 1 1 2013 Borussia Dortmund
90%
2 2 0 2004 Porto
90%
6 4 2 1996 Ajax
89%
2 0 2 2001 Valencia
87%
7 2 5 1988 Benfica
82%
2 2 0 1980 Nottingham Forest
75%
2 1 1 1993 Olympique de Marsella
72%
2 1 1 1970 Celtic
56%
2 1 1 1983 Hamburgo
54%
2 1 1 1989 Steaua Bucarest
41%
2 0 2 1959 Stade de Reims
34%
No se encontraron pruebas coincidentes
Distribución de puntuación
Porcentaje de gente con cada puntuación
Porcentaje por número respondido
Historial de tus puntuaciones
No has intentado esta prueba desde el último reinicio